Wirtschaftssysteme im Wettstreit : Planwirtschaft kontra Profitwirtschaft /

Disimpan dalam:
Butiran Bibliografi
Pengarang Korporat: Parteihochschule "Karl Marx" (Berlin, Germany)
Pengarang-pengarang Lain: Möller, Uwe.
Format: Buku
Bahasa:German
Diterbitkan: Berlin : Dietz, 1989.
Subjek-subjek:
Penanda-penanda: Tambah Penanda
Tiada Penanda, Jadilah orang pertama menanda rekod ini!
LEADER 01044aam a2200301 a 4500
001 001671024-X
005 20020606090541.3
008 900622s1989 gw a b 00000 ger
010 |a  90168825  
020 |a 3320013688 
035 0 |a ocm22186208 
035 0 |a ocm22186208  |z ocm22344635 
040 |a DLC  |c DLC  |d HLS 
043 |a v------ 
050 0 0 |a HB90  |b .W58 1989 
245 0 0 |a Wirtschaftssysteme im Wettstreit :  |b Planwirtschaft kontra Profitwirtschaft /  |c [Autorenkollektiv unter Leitung von Uwe Möller ; herausgegeben von der Parteihochschule "Karl Marx" beim ZK der SED]. 
260 0 |a Berlin :  |b Dietz,  |c 1989. 
300 |a 174 p. :  |b ill. ;  |c 19 cm. 
504 |a Includes bibliographical references. 
650 0 |a Comparative economics. 
650 0 |a Central planning  |z Communist countries. 
650 0 |a Capitalism. 
650 0 |a Economic history  |y 1945- 
651 0 |a Communist countries  |x Economic policy. 
700 1 |a Möller, Uwe. 
710 2 |a Parteihochschule "Karl Marx" (Berlin, Germany) 
988 |a 20020608 
906 |0 DLC